000 01408nam0a2200277 4500
001 RU\NLR\bibl\983101
005 20250614215026.0
035 _a(NLR Aleph) 000970982
090 _a399015
_c399015
100 _a20060912d2001 |||y0rusy50 ca
101 0 _arus
102 _aRU
105 _aa |||||||||
200 1 _aИнновационная деятельность в Вооруженных силах Российской Федерации
_eтруды всеармейской научно-практической конференции, 24-25 апреля 2001 года
210 _aСанкт-Петербург
_cВУС
_d2001
215 _a162, [1] c.
_cил.
_d20
300 _aВ надзаг.: М-во обороны Рос. Федерации, Междунар. акад. авторов науч. открытий и изобретений (С.-Петерб. отд-ние), Воен. ун-т связи
320 _aБиблиогр. в конце ст.
601 0 1 _aРоссийская Федерация
_bВооруженные силы
_jСъезды, совещания и т.п.
_xИнновационная деятельность
_92602570
_3RU\NLR\auth\661539128
686 _aЦ4,6(2Р)я431
801 0 _aRU
_bNLR
_c20060912
_grcr
801 1 _aRU
_bNLR
_c20060912
942 _cBOOK
980 _aNB